000 00611nam a2200205Ia 4500
008 160319s9999 xx 000 0 und d
020 _a9212709884
050 _a808.81
050 _bA628 2000
245 3 _aAn Anthology of winning works :
245 _bthe 1980's short story / [the award]
245 _cDon Carlos Palanca Memorial Awards for Literature.
260 _aPasig City :
260 _bAnvil Publishing,
260 _c2000
300 _a557 p. ;
300 _c22 cm.
440 _aDon Carlos Palanca Memorial Awards for Literature.
650 _aShort stories -- Philippine (English)
999 _c292188
_d292188